Представление документа в формате RUSMARC

ПолеНазваниеЗначение
  Тип записи a
  Библиографический уровень m
001 Контрольный номер SKBR/c76b0e35-5418-4920-9747-0b549ade1574
005 Дата корректировки 20251219142515.2
010 Индекс ISBN __
a ISBN 978-5-406-11214-4
b Уточнения в пер.
9 Тираж 500 экз.
d Цена 1094-00
035 Другие системные номера __
a Идентификатор записи RU/ВОУНБ им.И.С.Никитина/EK/0807292
100 Данные общей обработки __
a Данные общей обработки 20231031d2023 k y0rusy028902 ca
101 Язык документа 0_
a Язык текста rus
102 Страна публикации __
a Страна публикации RU
105 Кодированные данные (монография) __
a Кодированные данные (монография) c j 000yy
181 Поле кодированных данных: вид содержания _0
a Код вида содержания (ISBD) i
182 Поле кодированных данных: тип средства _0
a Код типа средства (ISBD) n
200 Заглавие и сведения об ответственности 1_
a Заглавие Правовое сознание и психология терроризма
e Сведения, относящиеся к заглавию [философские и психологические теории сознания ; правовое сознание ; психология терроризма]
e Сведения, относящиеся к заглавию учебник
e Сведения, относящиеся к заглавию для направлений бакалавриата "Психология" и "Правоохранительная деятельность"
f Первые сведения об ответственности Д. С. Безносов, Л. Г. Почебут
203 Вид содержания и тип средства __
c Тип средства непосредственный
a Вид содержания Текст
205 Сведения об издании __
a Основные сведения об издании 2-е издание, переработанное и дополненное
210 Выходные данные 1_
a Место издания Москва
c Издательство КноРус
d Дата издания 2023
215 Физическое описание __
a Объем 225, [1] с.
c Иллюстрации/тип воспроизводства портр.
d Формат 22 см
225 Серия 2_
a Серия Бакалавриат
300 Общие примечания __
a Общие примечания На обложке и титульном листе: Book.ru читать online
300 Общие примечания __
a Общие примечания Информация об авторах на 4-й с. обложки
300 Общие примечания __
a Общие примечания Список террористических организаций в современном мире: с. 183-[226]
320 Библиография __
a Библиография Библиография: с. 178-182 (94 наименования)
330 Аннотация __
a Аннотация Рассмотрены психологическая и философская проблематика сознания. Проанализированы содержательные компоненты сознания: установки, отношения, нормы, ценности. Рассмотрены структура и содержание правового сознания. Предложена классификация видов отношения к праву. Особое внимание уделяется психологии терроризма. Описаны социальные и психологические предпосылки терроризма. Проанализированы основные психологические теории возникновения терроризма, личностные особенности террористов и специфика террористических групп. На основе анализа трагических событий захвата заложников в Москве в 2002 г. и в Беслане в 2004 г. описана психология заложников и особенности ведения переговоров с террористами. Разработаны психологические рекомендации по ведению переговоров с террористами. В приложении перечислены основные террористические организации в современном мире. Соответствует ФГОС ВО последнего поколения. Для студентов-психологов, социологов, политологов, культурологов, юристов. Может быть полезен сотрудникам правоохранительных органов, образовательных и государственных учреждений, занимающихся проблемами терроризма.
606 Тематические рубрики __
a Основная рубрика Психология
2 Код системы nlr_sh
606 Тематические рубрики __
2 Код системы nlr_sh
a Основная рубрика Юридическая психология
610 Ключевые слова 1_
a Ключевые слова рекомендации заложнику
610 Ключевые слова 0_
a Ключевые слова терроризм
610 Ключевые слова 0_
a Ключевые слова психология терроризма
610 Ключевые слова 1_
a Ключевые слова теория интенсивной индоктринации
610 Ключевые слова 1_
a Ключевые слова мотивация террористической деятельности
610 Ключевые слова 1_
a Ключевые слова психология личности террористов
610 Ключевые слова 1_
a Ключевые слова теории социальных конфликтов
610 Ключевые слова 1_
a Ключевые слова теория социальных предубеждений
610 Ключевые слова 1_
a Ключевые слова теория этноцентризма
610 Ключевые слова 1_
a Ключевые слова теория социальной идентичности
610 Ключевые слова 1_
a Ключевые слова теория агрессии
610 Ключевые слова 1_
a Ключевые слова теория фрустрации
610 Ключевые слова 1_
a Ключевые слова теория личной идентичности
610 Ключевые слова 1_
a Ключевые слова фанатизм
610 Ключевые слова 1_
a Ключевые слова национализм
610 Ключевые слова 1_
a Ключевые слова экстремизм
610 Ключевые слова 1_
a Ключевые слова радикализм
610 Ключевые слова 1_
a Ключевые слова ксенофобия
610 Ключевые слова 1_
a Ключевые слова правовая культура
610 Ключевые слова 1_
a Ключевые слова правосознание
610 Ключевые слова 0_
a Ключевые слова правовое сознание
610 Ключевые слова 1_
a Ключевые слова человеческие ценности
610 Ключевые слова 1_
a Ключевые слова социальные нормы
610 Ключевые слова 1_
a Ключевые слова социальные установки
610 Ключевые слова 0_
a Ключевые слова психологические исследования
610 Ключевые слова 0_
a Ключевые слова предпосылки терроризма
610 Ключевые слова 0_
a Ключевые слова возникновение терроризма
610 Ключевые слова 0_
a Ключевые слова террористические группы
610 Ключевые слова 0_
a Ключевые слова личность террориста
686 Индексы других классификаций __
2 Код системы rubbks
a Классификационный индекс 88.573.2
700 Автор _1
a Фамилия Безносов
b Имя Д. С.
g Полное личное имя Дмитрий Сергеевич
4 Код отношения 070
701 Альтернативная интеллектуальная ответственность _1
a Фамилия Почебут
b Имя Л. Г.
g Полное личное имя Людмила Георгиевна
4 Код отношения 070
801 Источник записи _2
b Организация ВОУНБ им.И.С.Никитина
a Страна RU
c Дата составления 20231031
g Правила каталогизации PSBO
801 Источник записи _1
b Организация ВОУНБ им.И.С.Никитина
a Страна RU
c Дата составления 20231128
g Правила каталогизации PSBO
852 Данные о местонахождении __
i Авторский знак Б 39
j Шифр хранения 88.573.2
900 Макрообъекты __
a Макрообъекты Правовое сознание и психология терроризма. Безносов, Д. С., 2023
901 Тип документа __
a Ответственный ООФиК/Губина
t Тип документа m
903 Характеристики (МАРС) __
a Дата передачи 20250228
c Наименование библиотеки (МАРС) Муниципальное бюджетное учреждение культуры "Централизованная библиотечная система" г. Сургут (Центральная городская библиотека им. А. С. Пушкина)
969 Тип издания __
a Тип издания учебник
990 Данные о заказе (DOS) __
j Количество экземпляров (DOS) 2
t N записи в КСУ для И/У (DOS) 202503